00346nam a22001457a 450000500170000000800410001702000180005804100080007608200090008410000230009324500180011626000430013430000080017765000150018520260328154548.0160616b xxu||||| |||| 00| 0 eng d a81-219-2550-9 aeng b7908 aVerma, Dr. Shalini aBoby Language aNew DelhibSultan Chand & Sons, c2010 a170 aManagement